History Quiz

Random History or State Quiz
Score 0/55 Timer 12:00
0 Plays Today
State Delegate % Correct
VirginiaJames Madison, Jr.
93.5%
VirginiaGeorge Washington
92.8%
PennsylvaniaBenjamin Franklin
88.4%
New YorkAlexander Hamilton
88%
PennsylvaniaRobert Morris
70.2%
PennsylvaniaGouverneur Morris
70.2%
MassachusettsElbridge Gerry
69.9%
ConnecticutRoger Sherman
68.5%
South CarolinaCharles Pinckney
68.2%
South CarolinaCharles Cotesworth Pinckney
67.1%
VirginiaGeorge Mason
63.4%
PennsylvaniaJames Wilson
61%
VirginiaEdmund J. Randolph
61%
New JerseyWilliam Paterson
58.6%
South CarolinaJohn Rutledge
56.2%
ConnecticutOliver Ellsworth
55.5%
ConnecticutWilliam Samuel Johnson
54.5%
MassachusettsRufus King
52.7%
DelawareJohn Dickinson
50%
MarylandLuther Martin
47.3%
North CarolinaAlexander Martin
45.2%
New JerseyWilliam Livingston
43.2%
New YorkRobert Yates
42.1%
DelawareGeorge Read
41.4%
New YorkJohn Lansing, Jr.
40.4%
VirginiaGeorge Wythe
39.7%
MarylandDaniel Carroll
39.4%
North CarolinaHugh Williamson
39%
State Delegate % Correct
DelawareGunning Bedford, Jr
38%
GeorgiaAbraham Baldwin
37%
MassachusettsNathaniel Gorham
36.6%
New HampshireJohn Langdon
35.3%
South CarolinaPierce Butler
34.2%
GeorgiaWilliam L. Pierce
32.9%
New JerseyWilliam C. Houston
31.8%
PennsylvaniaGeorge Clymer
31.8%
New JerseyJonathan Dayton
31.5%
DelawareJacob Broom
31.2%
MarylandDaniel of St. Thomas Jenifer
30.8%
North CarolinaRichard Dobbs Spaight
30.8%
GeorgiaWilliam Few
30.5%
MassachusettsCaleb Strong
29.5%
VirginiaJohn Blair
28.8%
GeorgiaWilliam Houstoun
28.4%
MarylandJames McHenry
28.4%
North CarolinaWilliam R. Davie
26.4%
North CarolinaWilliam Blount
26.4%
PennsylvaniaThomas Mifflin
26%
VirginiaJames McClurg
26%
MarylandJohn F. Mercer
25.7%
New JerseyDavid Brearly
25.3%
PennsylvaniaThomas Fitzsimons
25.3%
PennsylvaniaJared Ingersoll
24.3%
DelawareRichard Bassett
23.3%
New HampshireNicholas Gilman
22.9%
Remove Ads.
Support Sporcle.
Get the best of Sporcle when you Go Orange. This ad-free experience offers more features, more stats, and more fun while also helping to support Sporcle. Thank you for becoming a member.

You're not logged in!

Compare scores with friends on all Sporcle quizzes.
OR
Log In

Show Comments

Extras

Top Quizzes Today


Score Distribution

Your Account Isn't Verified!

In order to create a playlist on Sporcle, you need to verify the email address you used during registration. Go to your Sporcle Settings to finish the process.

Report this User

Report this user for behavior that violates our Community Guidelines.

Details: